000 00761nam a22002177a 4500
999 _c4807
_d4807
003 AR-CdUCM
008 190311b ||||| |||| 00| 0 spa d
020 _a99934-32-03-7
040 _aMUNICIPALIDAD PROVINCIAL DEL CUSCO
_cBIBLIOTECA MUNICIPAL DEL CUSCO
082 _a800.4 /
_bD97
100 _aDuche,G
_914829
245 _aEsculpir la dura piedra /
260 _aRepública Dominicana :
_bArgos,
_c2005.
300 _a148 paginas ;
_c24 cm.
505 _aContenido : Mi patria -- Te confiamos la patria -- Sin fondo de la forma -- Perdida la libertad -- Tomar la palabra por el hambre ...
650 _aPoesia dominicana
_914830
650 _aLiteratura dominicana
_914831
650 _aLiteratura universal
_9611
942 _2ddc
_cLIBROS
945 _arah